Name Which US State They Are Governor of By Picture - Statistics

General Stats
  • This quiz has been taken 18 times
  • The average score is 27 of 50
Answer Stats
Picture Answer % Correct
California
87%
Florida
87%
Maryland
87%
Minnesota
73%
South Dakota
73%
Alabama
67%
Arkansas
67%
Georgia
67%
Maine
67%
Michigan
67%
Texas
67%
Virginia
67%
Hawaii
60%
Illinois
60%
Indiana
60%
Oklahoma
60%
Pennsylvania
60%
Alaska
53%
Arizona
53%
Kentucky
53%
New York
53%
Ohio
53%
Washington
53%
West Virginia
53%
Connecticut
47%
Iowa
47%
Kansas
47%
Louisiana
47%
Massachusetts
47%
Nebraska
47%
New Hampshire
47%
New Jersey
47%
New Mexico
47%
North Carolina
47%
Rhode Island
47%
South Carolina
47%
Vermont
47%
Wisconsin
47%
Colorado
40%
Delaware
40%
Idaho
40%
Mississippi
40%
Missouri
40%
Montana
40%
Nevada
40%
North Dakota
40%
Oregon
40%
Tennessee
40%
Utah
40%
Wyoming
40%
No matching quizzes found
Score Distribution
Percent of People with Each Score
Percentile by Number Answered
Your Score History
You have not taken this quiz